Bí quyết thành công trong quản lí

Spremljeno u:
Bibliografski detalji
Glavni autor: John Lockett
Format: Knjiga
Jezik:Undetermined
Izdano: Hà Nội KHKT Hóa chất 1993
Teme:
Oznake: Dodaj oznaku
Bez oznaka, Budi prvi tko označuje ovaj zapis!
Thư viện lưu trữ: Trung tâm Học liệu Trường Đại học Cần Thơ
LEADER 00528nam a2200181Ia 4500
001 CTU_11268
008 210402s9999 xx 000 0 und d
082 |a 658 
082 |b L815 
100 |a John Lockett 
245 0 |a Bí quyết thành công trong quản lí 
245 0 |c John Lockett; Dịch giả: Nguyễn Văn Đoá 
260 |a Hà Nội 
260 |b KHKT Hóa chất 
260 |c 1993 
650 |a management 
904 |i Minh, 961017 
980 |a Trung tâm Học liệu Trường Đại học Cần Thơ